LEADER 02670 am 2200469 n 450 001 9910597172203321 005 20240104030716.0 010 $a2-84832-554-2 024 7 $a10.4000/books.apu.27298 035 $a(CKB)4100000012897030 035 $a(FrMaCLE)OB-apu-27298 035 $a(PPN)265624983 035 $a(EXLCZ)994100000012897030 100 $a20221013j|||||||| ||| 0 101 0 $afre 135 $auu||||||m|||| 200 00$aDu fanatisme dans la langue révolutionnaire ou de la persécution suscitée par les barbares du dix-huitième siècle, contre la religion chrétienne et ses ministres$fJean-François Laharpe 210 $aArras$cArtois Presses Université$d2022 215 $a1 online resource (204 p.) 311 $a2-84832-544-5 330 $aDans son essai Du fanatisme dans la langue révolutionnaire publié au c?ur du Directoire (1797), Jean-François Laharpe, homme de lettres autrefois proche des philosophes des Lumières, dénonce la « langue révolutionnaire » qui, selon lui, a conduit au pouvoir sans limites des jacobins. Par-delà le procès véhément des menaces qui continuent de peser sur la pratique religieuse, Laharpe développe une réflexion sans précédent sur les liens politiques du dire et du faire, sur le caractère proprement performatif de la langue révolutionnaire. De plus, attentif à la diversité des signes de la révolution (fêtes de la Raison, abjurations publiques, instauration d?un nouveau calendrier etc.), Laharpe esquisse une véritable sémiologie du fait révolutionnaire. Nous reproduisons ici l?édition originale de l?essai de Laharpe, Du fanatisme dans la langue révolutionnaire, ou de la persécution suscitée par les barbares du XVIIIe siècle, contre la religion chrétienne et ses ministres. Chez Migneret, À Paris, An V (1797). 606 $aLanguage & Linguistics 606 $aLiterature (General) 606 $afanatisme 606 $aréaction 606 $alangue révolutionnaire 606 $ahégémonie 606 $arévolution 615 4$aLanguage & Linguistics 615 4$aLiterature (General) 615 4$afanatisme 615 4$aréaction 615 4$alangue révolutionnaire 615 4$ahégémonie 615 4$arévolution 700 $aLaharpe$b Jean-François$01457292 701 $aTatin-Gourier$b Jean-Jacques$0251409 801 0$bFR-FrMaCLE 906 $aBOOK 912 $a9910597172203321 996 $aDu fanatisme dans la langue révolutionnaire ou de la persécution suscitée par les barbares du dix-huitième siècle, contre la religion chrétienne et ses ministres$93657865 997 $aUNINA LEADER 03890nam0 2200649 i 450 001 CFI0130903 005 20251003044124.0 010 $a8815012303 010 $a8815038388 020 $aIT$b90-7421 100 $a19900910d1988 ||||0itac50 ba 101 | $aita 102 $ait 181 1$6z01$ai $bxxxe 182 1$6z01$an 183 1$6z01$anc$2RDAcarrier 200 1 $aStoria economica dell'Italia liberale, 1850-1918$fGianni Toniolo 210 $aBologna$cIl mulino$d\1988! 215 $a241 p.$d21 cm. 225 | $aUniversale paperbacks Il mulino$v213 312 $aTit. sul dorso: Storia economica dell'Italia liberale$9CFI0130905 410 0$1001CFI0000033$12001 $aUniversale paperbacks Il mulino$v213 517 1 $aStoria economica dell'Italia liberale. -$9CFI0130905 606 $aITALIA$xECONOMIA$xSTORIA$x1850-1918$2FIR$3MILC007666$9I 676 $a330.945$9SITUAZIONI E CONDIZIONI ECONOMICHE. ITALIA$v12 676 $a330.945$9SITUAZIONI E CONDIZIONI ECONOMICHE. Italia$v20 676 $a330.945$9SITUAZIONI E CONDIZIONI ECONOMICHE. ITALIA$v21 676 $a330.945$9SITUAZIONI E CONDIZIONI ECONOMICHE. ITALIA$v23 676 $a330.94508$9SITUAZIONI E CONDIZIONI ECONOMICHE. ITALIA. 1796-1870$v19 676 $a330.94508$9SITUAZIONI E CONDIZIONI ECONOMICHE. ITALIA. 1796-1900$v21 676 $a330.94508$9SITUAZIONI E CONDIZIONI ECONOMICHE. ITALIA. 1796-1900$v23 686 $aIT/0422.6$cPOLITICA ECONOMICA ITALIA 1900-1918$2R 686 $aIT/0430.0$cECONOMIA E SOCIETA ITALIA 1900-1918$2R 686 $aSe.i.7.0$cStoria dell'economia italiana. Lo sviluppo del capitalismo (1860-1914)$2F 696 $aEconomia reale$aAttività economiche$aAspetti economici 699 $aEconomia$yEconomia reale 699 $aEconomia$zAttività economiche 699 $aEconomia$zAspetti economici 700 1$aToniolo$b, Gianni$f <1942-2022>$3CFIV080019$4070$01264445 790 1$aToniolo$b, Giovanni$f <1942- >$3SBNV029450$zToniolo, Gianni <1942-2022> 790 1$aToniolo$b, Giovanni$f <1942- >$3SBNV029450$zToniolo, Gianni <1942-2022> 801 3$aIT$bIT-000000$c19900910 850 $aIT-BN0095 $aIT-SA0060 $aIT-NA0079 $aIT-NA0120 $aIT-CE0127 $aIT-NA0452 $aIT-NA0817 $aIT-NA0095 $aIT-NA0097 901 $bNAP SP$cSCIROCCO $nFondo Scirocco 901 $bNAP BN$cMAGAZZINO $nmagazzini correnti divisi per anni 901 $bNAP OS$cBIBLIOTECA$n$ 901 $bNAP SB$cSAB-CAM $n$ 901 $bNAP 01$cGUERRAZZI $n$ 901 $bNAP IS$cISFSE $nSezione di materie economiche e sociali dell' ex Istituto sulle strutture finanziarie e lo sviluppo economico 901 $bNAP 01$cPOZZO LIB.$nVi sono collocati fondi di economia, periodici di ingegneria e scienze, periodici di economia e statistica e altri fondi comprendenti documenti di economia pervenuti in dono. 901 $bNAP 27$cSALA $n$ 901 $bNAP CT$cSEZ.GEN. $n$ 912 $aCFI0130903 950 0$aBiblioteca Centralizzata di Ateneo$c1 v. in 2 copie$d 01GUERRAZZI A 0016$e 0101 0000088155 VMA 1 v.$fA $h20070910$i20070910$c1 v. in tre copie$d 01POZZO LIB.ECON MON 6596$e 0101 0000114785E VMA (bis 1 v. (2. copia; Precedente collocazione GUERRAZZI A 16 bis)$fB $h20091230$i20091230$c1 v. in tre copie$d 01POZZO LIB.ECON MON 6596$e 0101 0000120835E VMA (ter 1 v. (3. copia)$fB $h20210317$i20210317$c1 v. in tre copie$d 01POZZO LIB.ECON MON 6596$e 0101 0070077995E VMA 1 v. (Precedente collocazione 7 EC 799)$fB $h20220718$i20220718 977 $a 01$a 27$a BN$a CR$a CT$a IS$a OS$a SB$a SP 996 $aStoria economica dell'Italia liberale, 1850-1918$92964672 997 $aUNISANNIO